Paroles - Next summer - Damiano David - Statistiques

Statistiques générales
  • Ce quiz a été pris 118 fois
    108 depuis la dernière actualisation
  • Le résultat moyen est 207 sur 260
Statistiques - réponses
Réponse % Correct
a
100%
he
100%
I
100%
i
100%
me
100%
summer
100%
you
100%
call
98%
heart
98%
my
98%
next
98%
when
98%
your
98%
be
97%
breaks
95%
go
95%
love
95%
all
92%
good
92%
so
92%
the
92%
to
92%
in
89%
something
89%
then
86%
up
86%
away
84%
baby
84%
head
83%
I'll
83%
i'll
83%
lover
83%
and
81%
fucked
81%
here
81%
that
81%
we
81%
but
80%
say
80%
okay
78%
waiting
78%
demons
77%
had
77%
i'm
77%
it
77%
many
77%
tears
77%
things
77%
didn't
75%
really
75%
with
75%
before
73%
just
73%
do
72%
lick
72%
lost
72%
pretend
72%
thought
72%
as
70%
our
70%
you're
70%
afraid
69%
every
69%
for
69%
hand
69%
under
69%
us
69%
band
66%
dancing
66%
minute
66%
nobody
66%
on
66%
there
66%
throw
66%
now
63%
if
61%
see
59%
think
58%
face
56%
know
56%
of
56%
were
56%
don't
55%
everything
55%
find
55%
it's
55%
meant
55%
understands
55%
nothing's
53%
still
53%
was
53%
can
52%
out
52%
happier
50%
slipped
50%
threw
50%
drug
48%
hope
48%
gonna
47%
works
47%
enough
45%
girl
45%
give
45%
never
45%
one
45%
sheets
45%
street
45%
does
44%
heard
42%
sun
41%
cause
39%
maybe
39%
or
39%
since
38%
something's
34%
saying
33%
tried
31%
let'em
28%
is
27%
Aucun quiz correspondant
Distribution des résultats
% des personnes avec chaque résultat
Percentile par nombre de réponses
Votre historique - résultats
Vous n’avez pas pris ce quiz depuis la dernière actualisation